| 000 | 00631nam a2200217 i 4500 | ||
|---|---|---|---|
| 001 | 147244 | ||
| 003 | ES-MaACL | ||
| 005 | 20230906201910.0 | ||
| 007 | t| | ||
| 008 | 070925s1944 sp ||||1| spa d | ||
| 100 | 1 |
_aTwain, Mark. _9111791 |
|
| 245 | 1 | 3 |
_aLa vida dura / _cMark Twain ; [traducción del inglés por Pedro Elías]. |
| 250 | _a[1ª ed.]. | ||
| 260 |
_a[Barcelona] : _bLanzo, _c1944. |
||
| 300 |
_a391 p., 4 h. ; _c17 cm. |
||
| 490 | 1 | _aColección De Viva Voz | |
| 700 | 1 |
_aElías, Pedro. _946971 |
|
| 830 | 0 |
_aColección De Viva Voz _9220914 |
|
| 852 |
_aES-MaACL _jE-1201 _bR.27377 |
||
| 999 |
_c147244 _d147244 |
||